Estadística aplicada a la administración y a la economía / (Record no. 89807)

MARC details
000 -CABECERA
campo de control de longitud fija 00869nam a2200241 a 4500
005 - FECHA Y HORA DE LA ÚLTIMA TRANSACCIÓN
campo de control 20210223124616.0
008 - ELEMENTOS DE LONGITUD FIJA--INFORMACIÓN GENERAL
campo de control de longitud fija 020510s2000 mx r 000 0 spa d
020 ## - NÚMERO INTERNACIONAL NORMALIZADO PARA LIBROS
Número Internacional Estándar del Libro 9701019628
035 ## - NÚMERO DE CONTROL DEL SISTEMA
Número de control de sistema UPN01000117268
049 ## - COLECCIÓN
Colección CG
050 #4 - SIGNATURA TOPOGRÁFICA DE LA BIBLIOTECA DEL CONGRESO
Número de clasificación HA35
Número de documento/Ítem K3.38 2000
100 1# - ASIENTO PRINCIPAL--NOMBRE PERSONAL
Nombre de persona Kazmier, Leonard J.
9 (RLIN) 28823
245 10 - MENCIÓN DE TÍTULO
Título Estadística aplicada a la administración y a la economía /
Mención de responsabilidad, etc. Leonard J. Kazmier ; rev. téc. Alejandro Alegría Hernández.
250 ## - MENCIÓN DE EDICIÓN
Mención de edición 3a ed.
260 ## - PUBLICACIÓN, DISTRIBUCIÓN, ETC.
Lugar de publicación, distribución, etc. México :
Nombre del editor, distribuidor, etc. McGraw-Hill Interamericana,
Fecha de publicación, distribución, etc. 2000.
300 ## - DESCRIPCIÓN FÍSICA
Extensión xv, 416 p. :
Otras características físicas gráfs. +
Material acompañante/anejo 1 diskete 3 1/2 plg.
440 #0 - MENCIÓN DE SERIE/ASIENTO SECUNDARIO--TÍTULO
Título Schaum
500 ## - NOTA GENERAL
Nota general Incluye un diskete 3 1/2 plg. Solicítalo en Documentación.
534 ## - NOTA SOBRE LA VERSIÓN ORIGINAL
Mención de título del original Schaum's outlines business statistics.
Mención de edición del original 3a ed.
650 #4 - ASIENTO SECUNDARIO DE MATERIA - TERMINO TEMATICO
Término de materia o nombre geográfico como elemento de entrada ESTADISTICA -
Subdivisión general ENSEÑANZA PROGRAMADA
9 (RLIN) 23251
650 #4 - ASIENTO SECUNDARIO DE MATERIA - TERMINO TEMATICO
Término de materia o nombre geográfico como elemento de entrada ESTADISTICA COMERCIAL
9 (RLIN) 13820
905 ## - TIPO DE MATERIAL
Tipo de material Libro
Holdings
Estado de retiro Estado de pérdida Fuente del sistema de clasificación o colocación Estado dañado No para préstamo Código de colección Localización permanente Ubicación/localización actual Ubicación en estantería Total de préstamos Clasificación Código de barras Fecha visto por última vez Número de copia Tipo de ítem Koha
    Library of Congress Classification     Colección General Bib. Gregorio Torres Quintero Bib. Gregorio Torres Quintero Planta baja 4 HA35 K3.38 2000 236787 31/12/2020 1 Libro
    Library of Congress Classification     Colección General Bib. Gregorio Torres Quintero Bib. Gregorio Torres Quintero Planta baja 4 HA35 K3.38 2000 233484 31/12/2020 1 Libro
    Library of Congress Classification     Colección General Bib. Gregorio Torres Quintero Bib. Gregorio Torres Quintero Planta baja 16 HA35 K3.38 2000 205015 31/12/2020 1 Libro
    Library of Congress Classification     Colección General Bib. Gregorio Torres Quintero Bib. Gregorio Torres Quintero Planta baja 20 HA35 K3.38 2000 196097 31/12/2020 1 Libro
    Library of Congress Classification     Colección General Bib. Gregorio Torres Quintero Bib. Gregorio Torres Quintero Planta baja 21 HA35 K3.38 2000 196098 31/12/2020 1 Libro